000 00480nam a2200181Ia 4500
003 GCL
008 140319s9999 xx 000 0 ara d
040 _aGCL /
_cGCL
082 0 4 _a810.9
_bم ط
100 1 _aمحمد سيد كيلانى
245 1 0 _aطه حسين الشاعر الكاتب /
_cمحمد سيد كيلانى
300 _a160 ص
490 _a
650 0 4 _aالادب العربى
650 0 4 _aالادباء
650 0 4 _aطه حسين
942 _2ddc
_cBK
999 _c44778
_d44778